North American Soccer League Champions (1968-84) - Statistics

General Stats
  • This quiz has been taken 11 times
  • The average score is 8 of 17
Answer Stats
Picture Hint Answer % Correct
1972 New York Cosmos
70%
1977 New York Cosmos
70%
1978 New York Cosmos
70%
1980 New York Cosmos
70%
1982 New York Cosmos
70%
1968 Atlanta Chiefs
60%
1981 Chicago Sting
50%
1984 Chicago Sting
50%
1969 Kansas City Spurs
50%
1973 Philadelphia Atoms
50%
1979 Vancouver Whitecaps
50%
1971 Dallas Tornado
30%
1974 Los Angeles Aztecs
20%
1970 Rochester Lancers
20%
1983 Tulsa Roughnecks
20%
1975 Tampa Bay Rowdies
10%
1976 Toronto Metros-Croatia
0%
No matching quizzes found
Score Distribution
Percent of People with Each Score
Percentile by Number Answered
Your Score History
You have not taken this quiz